[Event "SRI-chB"]
[Site "Maharaga"]
[Date "2020.03.09"]
[Round "6.10"]
[White "Ariyawansa, KAPM"]
[Black "Amarasinghe, AACB"]
[Result "0-1"]
[WhiteElo "1850"]
[BlackElo "1925"]
[PlyCount "104"]
[EventDate "2020.03.06"]
[EventType "swiss"]
[EventRounds "11"]
[EventCountry "SRI"]
[SourceTitle "CBM 195 Extra"]
[Source "ChessBase"]
[SourceDate "2020.05.31"]
[SourceVersion "1"]
[SourceVersionDate "2020.05.31"]
[SourceQuality "1"]

1. e4 c5 2. Nf3 Nc6 3. d4 cxd4 4. Nxd4 Nf6 5. Nc3 e5 6. Ndb5 d6 7. Nd5 Nxd5 8. exd5 Ne7 9. c4 Ng6 10. c5 a6 11. Nxd6+ Bxd6 12. cxd6 Qxd6 13. Qb3 0-0 14. Be3 b5 15. Rc1 Rd8 16. Rc6 Qd7 17. Bb6 Bb7 18. Bxd8 Bxc6 19. dxc6 Qxd8 20. g3 Qa5+ 21. Ke2 Rd8 22. Qc2 b4 23. Bg2 Qb5+ 24. Ke1 e4 25. Bxe4 Ne5 26. c7 Rc8 27. Qd2 Qe8 28. Kf1 Rxc7 29. Kg2 Nc4 30. Qf4 Qe5 31. Qh4 g6 32. Re1 Nxb2 33. Re2 Kg7 34. Bf3 Qc3 35. Re3 Qc5 36. Qe4 Nc4 37. Re2 Nd6 38. Qd3 a5 39. Qd2 Nb5 40. Re8 Nd4 41. Ba8 Ne6 42. Bd5 Nd4 43. Qg5 Nf5 44. Qd8 Qd6 45. Rg8+ Kh6 46. Qa8 Rc2 47. Bf3 Ne3+ 48. Kh3 Rxf2 49. Qe4 Qe6+ 50. Qxe6 fxe6 51. Be4 Kg5 52. Bd3 Ng4 0-1

[Event "SRI-chB"]
[Site "Narahenpita"]
[Date "2017.05.20"]
[Round "7"]
[White "Ariyawansa, KAPM"]
[Black "Pallie, Tuan Ehshan"]
[Result "0-1"]
[WhiteElo "1855"]
[BlackElo "1703"]
[PlyCount "46"]
[EventDate "2017.05.12"]
[EventType "swiss"]
[EventRounds "10"]
[EventCountry "SRI"]
[SourceTitle "CBM 178 Extra"]
[Source "ChessBase"]
[SourceDate "2017.06.22"]
[SourceVersion "1"]
[SourceVersionDate "2017.06.22"]
[SourceQuality "1"]

1. e4 c5 2. Nf3 d6 3. d4 cxd4 4. Nxd4 Nf6 5. Nc3 g6 6. f3 Bg7 7. Be3 0-0 8. Qd2 Nc6 9. g4 Qa5 10. 0-0-0 Nxd4 11. Bxd4 Be6 12. Kb1 Rfc8 13. Nd5 Qxd2 14. Nxf6+ Bxf6 15. Rxd2 Bg5 16. Rd1 f6 17. h4 Bf4 18. Be2 h6 19. Bc3 Kg7 20. Rhg1 g5 21. Bd2 Bxd2 22. Rxd2 Rc5 23. Bd3 Rac8 0-1